Statistiques concernant PSG Hall of fame

Cliquez ici pour prendre le quiz!

Statistiques générales

  • Ce quiz a été pris 83 fois
  • Le résultat moyen est 11 sur 17

Statistiques - réponses

Answer% Correct
Zlatan Ibrahimovic
96%
Ronaldinho
93%
David Ginola
89%
Rai
89%
David Beckham
88%
Luis Fernandez
84%
Bernard Lama
82%
Pedro Miguel Pauleta
81%
George Weah
78%
Dominique Rocheteau
66%
Ricardo
60%
Safet Susic
48%
Carlos Bianchi
47%
Valdo
38%
Dominique Bathenay
23%
Jean Djorkaeff
18%
Augustin Jay Jay Okocha
5%

Distribution des résultats

Percentile par nombre de réponses

% des personnes avec chaque résultat

Votre développement - résultats

Vous n’avez pas pris ce quiz